College Quizbowl Stats
College Quizbowl Stats
Circuits
Seasons
Sets
Records
Detailed Stats
About
Loading...
2025 ACF Nationals
Tossups
Bonuses
Players
Teams
Categories (Tossup)
Categories (Bonus)
Brian Lai
Dartmouth C
Categories
Category
Powers
Gets
Negs
BBs
Points
Earliest Buzz
Avg. Buzz
First Buzzes
Top 3 Buzzes
BPA
PVF
Science - Other
0
4
1
2
35
74
112.00
0
0
0.00
0.00
Science - Biology
0
1
0
1
10
138
138.00
0
0
0.00
0.00
Geography
0
0
1
0
-5
0.00
0
0
0.00
0.00
Science - Physics
0
0
1
0
-5
0.00
0
0
0.00
0.00
Buzzes
Category
Answer
Value
Buzz Position
Science - Other
Google LLC
10
74
Geography
Húběi province
-5
100
Science - Physics
solenoids
-5
114
Science - Other
video games
10
115
Science - Other
algebraic
-5
127
Science - Other
antenna arrays
10
128
Science - Other
sparse
10
131
Science - Biology
cell lysis
10
138
Science - Other
fixed points
0
142
Previous
1
Next